Bob Dylan Songs by Lyrics - Statistics

General Stats
  • This quiz has been taken 86 times
  • The average score is 10 of 20
Answer Stats
Hint Answer % Correct
"How many roads must a man walk down, before you call him a man?" Blowing in the Wind
95%
"Once upon a time you dressed so fine, threw the bums a dime, in your prime." Like A Rolling Stone
95%
"Better start swimming or you'll sink like a stone, for the ____ ____ ___ _ _______." Times They Are A Changing
82%
"Something is happening but you don't know what it is, do you, Mr Jones." Ballad of a Thin Man
63%
"It ain't no use to sit and wonder why, babe, if you don't know by now." Don't Think Twice, it's Alright
63%
"You that never done nothing, but build to destroy, you play with my world, like it's your little toy." Masters of War
59%
"Oh where have you been, my blue eyed son, and where have you been, my darling young one." A Hard Rains A Gonna Fall
51%
"Oh God said to Abraham kill me a son, Abe says "man you must be putting me on." Highway 61 Revisited
51%
"So take me disappearing, through the smoke rings of my mind." Mr Tambourine Man
50%
"And wished that he'd gone straight, and watched out for a ______ _____ __ ____." Simple Twist of Fate
49%
And yes, there’s something you can send back to me, spanish _____ __ ______ ______." Boots of Spanish Leather
47%
"Here comes the blind commissioner, they've got him in a trance." Desolation Row
47%
"Mama's in the factory she ain't got no shoes, daddy's in the alley, he's looking for the fuse." Tombstone Blues
47%
Well, you must leave now, take what you need, you think will last, buy whatever you wish to keep, you better grab it fast." It's All Over Now, Baby Blue
45%
"He hands you a nickel, he hands you a dime, he asks with a grin, if you're having a good time." Maggie's Farm
40%
"I was riding on the mayflower when I thought I spotted some land." Bob Dylan's 115th Dream
33%
"When your mother sends back all your invitations." Queen Jane Approximately
33%
"My warehouse eyes, my Arabian drums." Sad Eyed Lady of the Lowlands
33%
"Johnny's in the basement mixing up the medicine, I'm on the pavement, thinking about the government." Subterannean Homesick Blues
24%
"If you're traveling in the north country fair." Girl From North Country
18%
No matching quizzes found
Score Distribution
Percent of People with Each Score
Percentile by Number Answered
Your Score History
You have not taken this quiz